Estudio a nivel de perfil del proyecto mejoramiento del tramo de carretera Granada Km 8 – KM 18, ruta hacia Malacatoya
Presenta un estudio a nivel de perfil del proyecto mejoramiento de tramo de carretera Granada km 8-km 18, ruta hacia Malacatoya, y tiene como objetivo realizar un mejoramiento vial mediante un estudio a nivel de perfil. Por tanto, la rehabilitación de la carretera beneficiara a los pobladores como...
| Main Authors: | , |
|---|---|
| Other Authors: | |
| Format: | Tesis Section = Libro |
| Language: | Undetermined Spanish |
| Published: |
Managua
UNI
2019
|
| Subjects: |
| LEADER | 01264nam a2200277Ia 4500 | ||
|---|---|---|---|
| 008 | 240830s9999 xx 000 0 und d | ||
| 040 | |a BIBLIOTECA-RUPAP Mon 625.76 G984 | ||
| 041 | |a spa | ||
| 082 | |a Mon 625.76 G984 | ||
| 100 | 1 | |a Gutiérrez Martínez, María Fernanda | |
| 100 | 1 | |b Chavarría Guevara, Matty Auxiliadora | |
| 245 | 1 | 0 | |a Estudio a nivel de perfil del proyecto mejoramiento del tramo de carretera Granada Km 8 – KM 18, ruta hacia Malacatoya |
| 260 | |a Managua |b UNI |c 2019 | ||
| 300 | |a 107 p. :il. | ||
| 500 | |a Contiene: anexos y CD. | ||
| 502 | |a Tesis (Ingeniero Civil)- UNI, 2019. | ||
| 520 | 3 | |a Presenta un estudio a nivel de perfil del proyecto mejoramiento de tramo de carretera Granada km 8-km 18, ruta hacia Malacatoya, y tiene como objetivo realizar un mejoramiento vial mediante un estudio a nivel de perfil. Por tanto, la rehabilitación de la carretera beneficiara a los pobladores como al sector económico del país. | |
| 650 | 7 | |a CARRETERAS-MSNTENIMIENTO Y REPARACION-PROYECTOS | |
| 650 | 7 | |b CONSTRUCCION DE CARRETERAS | |
| 650 | 7 | |c ESTUDIO DE MERCADO | |
| 650 | 7 | |d ESTUDIO ECONOMICO | |
| 650 | 7 | |e ANALISIS AMBIENTAL | |
| 700 | 1 | |a Tutor: |b López Olivas, Ana Rosa | |
| 942 | |c BK |2 ddc | ||
| 991 | |a TESIS | ||
| 999 | |c 16018 | ||